000 00407nam a22001577a 4500
003 SGT
020 _a9781503346008
082 _a615.58
_bU22P
100 _aUSMAN, RAGEEB.MD
245 _aA PRACTICAL MANUAL OF PHARMACOTHERAPEUTICS
260 _a PUNJAB
_bS. VIKASH AND COMPANY
_c2022
300 _a135
650 _aPHARMACY
653 _aPRACTICAL, MANUAL , PHARMACOTHERAPEUTICS
942 _2ddc
_cGF BOOKS
999 _c31310
_d31310